Films sans voyelles - Statistiques

Statistiques générales
  • Ce quiz a été pris 20 149 fois
  • Le résultat moyen est 14 sur 20
Statistiques - réponses
Indices Réponses % Correct
BNVN CHZ LS CH'TS Bienvenue chez les Ch'tis
97%
CNDRLLN Cendrillon
91%
HNGR GMS Hunger Games
85%
L GNDRM D SNT-TRPZ Le Gendarme de Saint-Tropez
85%
PLP FCTN Pulp Fiction
83%
L'TRNG NL D MNSR JCK L'Étrange Noël de monsieur Jack
82%
N P'TT TRC N PLS Un p'tit truc en plus
81%
L GRND BL Le Grand Bleu
78%
KNG F PND Kung Fu Panda
76%
TTNC Titanic
75%
L DNR D CNS Le Dîner de cons
71%
SHNNG Shining
70%
L CNQM LMNT Le Cinquième Élément
66%
CHRL T L CHCLTR Charlie et la Chocolaterie
61%
VNGRS Avengers
59%
TRMNTR Terminator
58%
BTLJC Beetlejuice
55%
NTCHBLS Intouchables
46%
NCPTN Inception
45%
L VG D CHHR Le Voyage de Chihiro
30%
Aucun quiz correspondant
Distribution des résultats
% des personnes avec chaque résultat
Percentile par nombre de réponses
Votre historique - résultats
Vous n’avez pas pris ce quiz